Социальная дистанция как фактор этнополитических конфликтов в современной России (Запись № 10930650)

Подробности
000 -МАРКЕР
контрольное поле 02473nam0a2200385 4500
001 - ИДЕНТИФИКАТОР ЗАПИСИ
контрольное поле RU\NLR\BIBL_A\011910041
005 - ИДЕНТИФИКАТОР ВЕРСИИ
контрольное поле 20190206160300.0
021 ## - НОМЕР ГОСУДАРСТВЕННОЙ РЕГИСТРАЦИИ
Код страны Российская Федерация
Номер КН-П-18-093804
Номер Листа государственной регистраци КН-П-18-6804
035 ## - ДРУГИЕ СИСТЕМНЫЕ НОМЕРА
Идентификатор записи (NLR Aleph) 011910041
100 ## - ДАННЫЕ ОБЩЕЙ ОБРАБОТКИ
Данные общей обработки 20190115d2018 k y0rusy50 ca
101 0# - ЯЗЫК РЕСУРСА
Язык текста, звукозаписи и т.д. русский
-- английский
Язык оглавления русский
-- английский
102 ## - СТРАНА ПУБЛИКАЦИИ ИЛИ ПРОИЗВОДСТВА
Страна публикации Российская Федерация
105 ## - ПОЛЕ КОДИРОВАННЫХ ДАННЫХ: ТЕКСТОВЫЕ МАТЕРИАЛЫ, МОНОГРАФИЧЕСКИЕ
Кодированные данные о монографическом текстовом документе a|||dm||000zy
200 1# - ЗАГЛАВИЕ И СВЕДЕНИЯ ОБ ОТВЕТСТВЕННОСТИ
Основное заглавие Социальная дистанция как фактор этнополитических конфликтов в современной России
Параллельное заглавие Social distance as a factor of ethnic conflicts in modern-day Russia
Сведения, относящиеся к заглавию диссертация на соискание ученой степени кандидата политических наук
-- специальность: 23.00.06 - конфликтология
Первые сведения об ответственности Мусаев Абдурашид Идрисович
Последующие сведения об ответственности научный руководитель: доктор политических наук, профессор Газимагомедов Газимагомед Гамзатович
-- Санкт-Петербургский государственный университет
Язык параллельного заглавия английский
210 ## - ПУБЛИКАЦИЯ, РАСПРОСТРАНЕНИЕ И ДР.
Место издания, распространения и т.д. Санкт-Петербург
Дата издания, распространения и т.д. 2018
215 ## - ФИЗИЧЕСКАЯ ХАРАКТЕРИСТИКА
Специфическое обозначение материала и объем 372 с.
Другие сведения о физической характеристике табл.
Размеры 20
300 ## - ОБЩИЕ ПРИМЕЧАНИЯ
Текст примечания Авт. также на англ. яз.: Abdurashid Idrisovich Musaev
300 ## - ОБЩИЕ ПРИМЕЧАНИЯ
Текст примечания Текст парал. на рус. и англ. яз.
320 ## - ПРИМЕЧАНИЯ О НАЛИЧИИ В ДОКУМЕНТЕ БИБЛИОГРАФИИ / УКАЗАТЕЛЯ
Текст примечания Библиогр.: с. 179-196 и в подстроч. примеч.
333 ## - ПРИМЕЧАНИЯ ОБ ОСОБЕННОСТЯХ РАСПРОСТРАНЕНИЯ И ИСПОЛЬЗОВАНИЯ
Текст примечания На правах рукописи
510 1# - ПАРАЛЛЕЛЬНОЕ ЗАГЛАВИЕ
Связь между полями z77790
Параллельное заглавие Social distance as a factor of ethnic conflicts in modern-day Russia
Язык заглавия английский
606 1# - НАИМЕНОВАНИЕ ТЕМЫ КАК ПРЕДМЕТ
Наименование темы Национальные отношения
Географический подзаголовок Российская Федерация
Код системы nlr_sh1
-- nlr_sh2
Идентификатор авторитетной/нормативной записи RU\NLR\AUTH\66754513
686 1# - ИНДЕКСЫ ДРУГИХ КЛАССИФИКАЦИЙ
Индекс С550.67
686 1# - ИНДЕКСЫ ДРУГИХ КЛАССИФИКАЦИЙ
Индекс Т3(2)74-36
700 #1 - ИМЯ ЛИЦА - ПЕРВИЧНАЯ ОТВЕТСТВЕННОСТЬ
Начальный элемент ввода Мусаев
Часть имени, кроме начального элемента ввода А. И.
Дополнения к именам, кроме дат канд. полит. наук
Расширение инициалов личного имени Абдурашид Идрисович
Идентификатор авторитетной/нормативной записи RU\NLR\AUTH\770200149
702 #1 - ИМЯ ЛИЦА - ВТОРИЧНАЯ ОТВЕТСТВЕННОСТЬ
Начальный элемент ввода Газимагомедов
Часть имени, кроме начального элемента ввода Г.Г.
Расширение инициалов личного имени Газимагомед Гамзатович
Код отношения Научный руководитель
712 02 - НАИМЕНОВАНИЕ ОРГАНИЗАЦИИ - ВТОРИЧНАЯ ОТВЕТСТВЕННОСТЬ
Начальный элемент ввода Санкт-Петербургский государственный университет
Идентификатор авторитетной/нормативной записи RU\NLR\AUTH\8810043151
Код отношения Организация, утвердившая ученую степень
790 #1 - ИМЯ ЛИЦА - АЛЬТЕРНАТИВНАЯ ФОРМА
Связь между полями z77510
Начальный элемент ввода Musaev
Часть имени, кроме начального элемента ввода A. I.
Дополнения к именам, кроме дат канд. полит. наук
Расширение инициалов личного имени Abdurašid Idrisovič
Идентификатор авторитетной/нормативной записи RU\NLR\AUTH\770200155
911 ## - ДОПОЛНИТЕЛЬНАЯ КОДИРОВАННАЯ ИНФОРМАЦИЯ
Код научной степени
942 ## - ДОПОЛНИТЕЛЬНЫЕ ЭЛЕМЕНТЫ ЗАПИСИ (АБИС)
Тип экземпляра АБИС Диссертация
980 ## - КОЛЛЕКЦИЯ
Название коллекции НБР
980 ## - КОЛЛЕКЦИЯ
Название коллекции Национальная библиография

Нет доступных экземпляров.